[Event "World Team-ch Open 2019"]
[Site "Astana"]
[Date "2019.03.09"]
[Round "5.10"]
[White "Sevian, Samuel"]
[Black "Mamedov, Rauf"]
[Result "1/2-1/2"]
[WhiteElo "2642"]
[BlackElo "2701"]
[Annotator "TA"]
[PlyCount "64"]
[EventDate "2019.02.05"]
[EventType "team-tourn"]
[EventCountry "KAZ"]
[SourceTitle "playchess.com"]
[Source "ChessBase"]
[SourceQuality "1"]
[WhiteTeam "United States"]
[BlackTeam "Azerbaijan"]
[WhiteTeamCountry "USA"]
[BlackTeamCountry "AZE"]

{[%evp 24,64,24,25,36,36,54,21,31,34,39,1,7,0,57,24,14,0,0,0,7,0,0,0,0,0,0,0,1,0,0,0,0,-18,-8,-14,-27,-10,0,0,0,0,0]} 1. d4 d5 2. c4 c6 3. Nf3 Nf6 4. cxd5 cxd5 5. Nc3 Nc6 6. Bf4 Bf5 7. e3 e6 8. Qb3 Bb4 9. Ne5 {D14: Slav Defence: Exchange variation with ...Bf5} Qb6 (9... Bxc3+ 10. bxc3 Nxe5 11. Bxe5 O-O 12. Be2 Rc8 13. f3 Qa5 14. Rc1 Rc6 15. g4 Bg6 16. h4 h6 {0-1 (29) Svane,R (2595)-Vidit,S (2711) Douglas 2018}) 10. Nxc6 bxc6 11. Be2 Ne4 12. f3 Nxc3 13. bxc3 {LiveBook: 30 Games} Be7 14. c4 g5 {[#]} 15. Be5 $146 ({Predecessor:} 15. Bg3 Qxb3 16. axb3 Bb4+ {1-0 (59) Paravyan,D (2603)-Smirnov,T (2324) Kolomna 2018}) 15... f6 16. Bg3 h5 17. h4 (17. c5 $5 {[%cal Rc5b6]} Qxb3 18. axb3 $11) 17... gxh4 18. Rxh4 Qb4+ (18... Qxb3 $11 19. axb3 a5) 19. Kf2 a5 20. Rc1 Qxb3 21. axb3 Ba3 22. Ra1 Bb4 23. e4 Bg6 24. cxd5 cxd5 25. Bb5+ Ke7 26. Bc6 Rac8 27. exd5 Rhd8 28. Rhh1 exd5 29. Rhc1 Bd2 30. Rc5 Bb4 {The position is equal.} 31. Rcc1 Bd2 32. Rc5 Bb4 {Precision: White = 47%, Black = 76%.} 1/2-1/2

[Event "World Team-ch Open 2019"]
[Site "Astana"]
[Date "2019.03.09"]
[Round "5.11"]
[White "Guseinov, Gadir"]
[Black "Onischuk, Alexander"]
[Result "1/2-1/2"]
[WhiteElo "2664"]
[BlackElo "2647"]
[Annotator "TA"]
[PlyCount "105"]
[EventDate "2019.02.05"]
[EventType "team-tourn"]
[EventCountry "KAZ"]
[SourceTitle "playchess.com"]
[Source "ChessBase"]
[SourceQuality "1"]
[WhiteTeam "Azerbaijan"]
[BlackTeam "United States"]
[WhiteTeamCountry "AZE"]
[BlackTeamCountry "USA"]

{[%evp 21,105,10,24,21,26,26,29,25,23,24,19,22,27,16,19,13,13,13,16,16,25,0,24,20,20,28,17,25,27,29,22,0,6,9,14,0,8,6,36,40,35,30,66,66,61,61,74,54,47,18,64,58,57,0,0,0,0,0,0,0,0,0,50,39,61,13,19,15,14,0,0,0,68,18,26,0,0,0,0,0,0,0,0,0,0,-154]} 1. e4 e5 2. Nf3 Nc6 3. Bb5 a6 4. Bxc6 dxc6 5. O-O f6 6. d4 exd4 7. Nxd4 c5 8. Ne2 Qxd1 9. Rxd1 Bd7 10. Nbc3 O-O-O 11. Be3 Re8 12. Rd2 {C69: Ruy Lopez: Exchange Variation with 5 0-0 f6} Bc6 13. Rad1 b6 14. a4 {White has an edge.} Ne7 15. a5 Kb7 (15... Ng6 16. axb6 cxb6 17. Ng3 Ne5 18. b3 g6 19. h3 Be7 {½-½ (32) Nakamura,H (2746)-Anand,V (2773) Kolkata 2018}) 16. axb6 cxb6 17. f3 f5 18. Rd8 Rxd8 19. Rxd8 {Threatening Bg5.} Kc7 20. Rd1 fxe4 21. fxe4 Ng6 $146 ({Predecessor:} 21... Nc8 22. Nf4 Bd6 23. Ne6+ Kb7 24. Rf1 Bd7 25. Nxg7 {½-½ (25) Gomila Marti,S (2273)-Nenciulescu,S (2263) ICCF email 2013}) 22. Nf4 Be7 23. Ncd5+ Bxd5 $1 24. Nxd5+ Kc6 25. Nxe7+ Nxe7 $11 {[%mdl 4096] Endgame KRB-KRN} 26. Bf4 Ng6 27. Rd6+ Kb5 28. Bg5 Re8 29. Bd8 Rxe4 30. Rxb6+ Kc4 31. Kf2 Rd4 32. Bg5 Rd5 {[#] Hoping for ...Rf5+.} 33. Be3 Ne5 34. h3 a5 {[%cal Ba6a5,Ba5a4,Ba4a3][%mdl 32]} 35. Re6 h5 36. Ke2 a4 37. Bd2 (37. Bf4 $1 $14 Nd7 38. Ra6) 37... Kb5 $1 38. Bc3 Nc4 39. Rg6 a3 40. b3 Nb2 41. Rxg7 Rd1 42. Ra7 {[#] Black must now prevent Ra5+.} Rc1 43. Kd2 Rd1+ 44. Ke3 {Strongly threatening Ra5+.} Rc1 $1 45. Kd2 Rd1+ 46. Ke2 ({White should play} 46. Ke3 $11 Rc1 47. Kd2 (47. Rxa3 Rxc2 48. Bf6 Nd1+ 49. Kf4 Rf2+ 50. Ke5 Re2+ 51. Kd6 Nf2 $11)) 46... Rc1 $14 47. Ra5+ Kb6 48. Kd2 Rd1+ $1 {The position is equal.} 49. Ke2 $1 Rg1 50. Kf3 Rf1+ 51. Ke2 Rg1 52. Kf3 Rf1+ 53. Ke4 $2 {Accuracy: White = 63%, Black = 79%.} ({Better is} 53. Ke2 $11 Rg1) 1/2-1/2

[Event "World Team-ch Open 2019"]
[Site "Astana"]
[Date "2019.03.09"]
[Round "5.12"]
[White "Lenderman, Aleksandr"]
[Black "Abasov, Nijat"]
[Result "0-1"]
[WhiteElo "2637"]
[BlackElo "2627"]
[Annotator "TA"]
[PlyCount "112"]
[EventDate "2019.02.05"]
[EventType "team-tourn"]
[EventCountry "KAZ"]
[SourceTitle "playchess.com"]
[Source "ChessBase"]
[SourceQuality "1"]
[WhiteTeam "United States"]
[BlackTeam "Azerbaijan"]
[WhiteTeamCountry "USA"]
[BlackTeamCountry "AZE"]

{[%evp 25,112,8,14,0,12,0,16,0,13,0,8,1,12,0,0,0,0,0,0,0,0,0,6,0,0,0,0,-18,0,0,0,0,0,-22,26,18,17,14,36,6,39,0,0,0,0,-29,-34,-59,-53,-64,-61,-93,-91,-229,-117,-245,-247,-241,-211,-224,-245,-196,-243,-233,-232,-229,-238,-229,-222,-371,-353,-357,-359,-507,-496,-496,-487,-581,-547,-1290,-1244,-1302,-1354,-1231,-1007,-2608,-2062,-1745,-1540]} 1. d4 Nf6 2. c4 e6 3. Nc3 d5 4. cxd5 exd5 5. Bg5 Be7 6. e3 c6 7. Bd3 Nbd7 {[%cal Bb8d7,Bd7f8,Bf8e6][%mdl 32]} 8. Nge2 Nf8 9. Qc2 Ne6 10. Bh4 g6 11. f3 b5 {D36: Queen's Gambit Declined: Exchange Variation: Main line (5 Bg5 c6 6 Qc2)} (11... O-O 12. O-O-O b6 13. g4 Bb7 14. Kb1 Rc8 15. Bxf6 Bxf6 16. h4 c5 17. h5 Qe7 18. f4 Rfe8 19. hxg6 fxg6 {1-0 (33) Wojtaszek,R (2738)-Yilmaz,M (2619) Batumi 2018 CBM 184 [Wojtaszek,R]}) 12. O-O O-O 13. Rad1 Re8 {LiveBook: 16 Games. The position is equal.} 14. Qd2 $146 ({Predecessor:} 14. Kh1 Bb7 15. Bf2 Rc8 16. Nf4 Nxf4 17. exf4 Bd6 18. f5 Nh5 19. Ne2 Qf6 {½-½ (30) Arounopoulos,S (2345)-Woznica,M (2342) ICCF email 2015}) 14... a5 15. Bf2 Bd7 16. Rc1 Rc8 17. Rfe1 b4 18. Na4 c5 19. Nxc5 Nxc5 20. dxc5 Rxc5 21. Nd4 Qb6 22. Rxc5 Bxc5 23. Bf1 h5 24. Rc1 Bd6 25. Bh4 Nh7 26. Qf2 Bf8 27. Bg3 Bg7 28. Bc7 Qa7 29. Bf4 g5 30. Bd6 Qb6 31. Bc5 Qb8 32. Bd3 Qe5 33. Nb3 Qxb2 34. Qxb2 Bxb2 35. Rc2 Bc3 36. Nxa5 Nf8 37. Nb3 Ne6 38. Bd6 Ba4 39. Re2 {[#]} (39. h4 $17) 39... Rd8 ({Black should try} 39... Bxb3 $1 $19 40. axb3 Rd8) 40. Bg3 (40. Be7 $17 {was the only defense.} Re8 41. Bd6) 40... h4 $19 41. Be1 Bxb3 42. axb3 {[#]} d4 $1 {[%cal Rd4e3,Bd5d4,Bd4d3][%mdl 32] White must now prevent ...dxe3.} 43. Kf1 Nc5 44. Bc4 d3 45. Rd2 Bxd2 46. Bxd2 {[%mdl 4096] Endgame KRN-KB} Nd7 47. Bd5 (47. Ke1 $142 h3 48. gxh3) 47... Ne5 48. Be4 Kg7 49. h3 (49. Kf2 {is a better defense.} Nd7 50. Bd5) 49... Nd7 {Black is clearly winning.} 50. Bd5 Nb6 51. Be4 Nd5 52. Bxd3 Nc3 53. Bxc3+ bxc3 54. Ke2 Kf6 55. b4 Ke5 56. b5 Rd6 {Precision: White = 31%, Black = 70%.} 0-1

[Event "World Team-ch Open 2019"]
[Site "Astana"]
[Date "2019.03.09"]
[Round "5.13"]
[White "Ding, Liren"]
[Black "Maghsoodloo, Parham"]
[Result "1/2-1/2"]
[WhiteElo "2812"]
[BlackElo "2673"]
[Annotator "TA"]
[PlyCount "108"]
[EventDate "2019.02.05"]
[EventType "team-tourn"]
[EventCountry "KAZ"]
[SourceTitle "playchess.com"]
[Source "ChessBase"]
[SourceQuality "1"]
[WhiteTeam "China"]
[BlackTeam "Iran"]
[WhiteTeamCountry "CHN"]
[BlackTeamCountry "IRI"]

{[%evp 17,108,25,39,0,0,0,46,41,33,25,24,26,35,21,34,-1,11,-40,-25,-45,-10,-10,-10,-28,-20,-27,-21,-16,-33,-31,-22,-16,-49,-68,-26,-65,-72,-48,-14,-34,0,0,0,0,-8,-18,0,0,0,0,22,14,14,14,14,16,43,43,43,30,43,43,43,10,43,10,10,0,0,0,0,0,0,0,0,0,8,0,6,0,0,0,0,0,0,0,0,0,0,0,0,0,0]} 1. Nf3 Nf6 2. c4 e6 3. g3 a6 4. Bg2 b5 5. b3 Bb7 6. O-O Be7 7. Nc3 b4 8. Na4 O-O 9. d4 d6 {LiveBook: 19 Games} 10. d5 {A13: English Opening: 1...e6} exd5 11. Nh4 c5 12. Nf5 $146 {White is slightly better.} ({Predecessor:} 12. cxd5 Re8 13. Re1 Bf8 14. e4 Nbd7 15. Bb2 Qc7 16. Rc1 Rad8 17. Ba1 a5 {1-0 (44) Erdos,V (2658)-Zhigalko,S (2694) Warsaw 2013}) 12... Re8 13. cxd5 Bf8 14. Re1 a5 15. e4 Nbd7 16. Nb2 Nb6 17. Bf4 ({White should try} 17. f3 $11) 17... Bc8 $15 18. Qc2 Bxf5 19. exf5 Qd7 20. Rxe8 Rxe8 21. Rd1 g6 22. fxg6 hxg6 23. h3 Qf5 24. Qxf5 gxf5 25. Kf1 Ne4 26. Bxe4 fxe4 27. Rd2 Kh7 (27... a4 $5) 28. Nd1 $1 Bh6 29. Bxh6 Kxh6 $11 {[%mdl 4096] Endgame KRN-KRN} 30. Ne3 Kg6 31. g4 Kf6 32. h4 {[%cal Bh3h4,Bh4h5][%mdl 32]} Ke5 33. h5 Rg8 34. Ke2 f5 35. gxf5 Rh8 {[#]} 36. h6 $1 {[%mdl 512]} Kf4 (36... Rxh6 37. Ng4+) 37. Rd1 Rxh6 38. Rg1 Rf6 39. Rg6 Nd7 40. Rg4+ Ke5 41. Rg7 Nb6 {The position is equal.} 42. Re7+ Kd4 43. Re6 Nd7 $1 ({Wrong is} 43... Nxd5 $2 44. Nxd5 Rxf5 45. Ne3 $18) 44. Kd2 c4 $1 45. bxc4 a4 46. Kc2 Kc5 47. Rxe4 {[#] Strongly threatening Re7.} Rh6 48. Ng4 Rh3 $1 49. Re7 b3+ $1 50. axb3 axb3+ 51. Kb2 Nb6 52. Ne3 Nxc4+ 53. Kxb3 {Black must now prevent Rc7+.} Nxe3 54. fxe3 {aiming for Ka4.} Rf3 {Precision: White = 53%, Black = 71%.} 1/2-1/2

[Event "World Team-ch Open 2019"]
[Site "Astana"]
[Date "2019.03.09"]
[Round "5.14"]
[White "Idani, Pouya"]
[Black "Wei, Yi"]
[Result "0-1"]
[WhiteElo "2604"]
[BlackElo "2733"]
[Annotator "TA"]
[PlyCount "76"]
[EventDate "2019.02.05"]
[EventType "team-tourn"]
[EventCountry "KAZ"]
[SourceTitle "playchess.com"]
[Source "ChessBase"]
[SourceQuality "1"]
[WhiteTeam "Iran"]
[BlackTeam "China"]
[WhiteTeamCountry "IRI"]
[BlackTeamCountry "CHN"]

{[%evp 17,76,-15,-15,-27,0,0,0,0,0,0,0,0,0,0,0,0,0,0,-7,0,0,-118,-118,-118,-118,-121,-70,-225,-223,-294,-316,-321,-317,-288,-303,-303,-254,-458,-506,-510,-483,-499,-445,-515,-501,-658,-639,-900,-838,-920,-819,-1479,-1544,-1248,-1210,-4718,-4906,-4614,-4514,-1807,-1658]} 1. e4 e5 2. Nf3 Nc6 3. d4 exd4 4. Nxd4 Nf6 5. Nxc6 bxc6 6. e5 Qe7 7. Qe2 Nd5 8. c4 Ba6 9. b3 g6 10. Ba3 {C45: Scotch Game} (10. f4 d6 11. Qf2 Nf6 12. Be2 dxe5 13. O-O Ne4 14. Qf3 f5 15. Nc3 exf4 16. Nxe4 Qxe4 17. Qxe4+ fxe4 18. Rxf4 {½-½ (35) Nepomniachtchi,I (2757)-Grischuk,A (2766) chess.com INT 2018}) 10... d6 (10... Nb4 {is more complex.} 11. Bb2 Bg7 12. a3 Nd5 13. Nd2 O-O) 11. exd6 Qxe2+ 12. Bxe2 {The position is equal.} Bg7 {Threatens to win with ...Nf4.} 13. cxd5 Bxe2 14. Kxe2 {Nd2 is the strong threat.} (14. dxc6 $2 Bb5 $19) 14... Bxa1 15. Rc1 (15. dxc7 cxd5 16. Rd1 Kd7 $17) 15... O-O-O {[#]} 16. Rxc6 $146 ({Predecessor:} 16. f4 c5 17. Bxc5 Kb7 {½-½ (43) Jones,G (2665)-L'Ami,E (2605) Wijk aan Zee 2017}) 16... Rd7 17. Bc5 Re8+ 18. Kd3 $1 Re5 19. Na3 (19. Kc4 $11 {remains equal.}) 19... Rxd5+ $17 {[%mdl 64] Double Attack} 20. Kc4 Rd2 21. Nb5 {[%cal Rd6c7]} Be5 ({Black should play} 21... Rc2+ $17 22. Kb4 Be5 23. dxc7 Bxc7 24. Rxc7+ Rxc7 25. Nxc7 Kxc7) 22. a4 $2 {[#]} ({White should try} 22. b4 $1 $15) 22... Kb7 $1 $19 {[%cal Rb7c6]} ({Weaker is} 22... Bxh2 23. g3 $16) 23. dxc7 {[%cal Rc7c8]} Rc2+ ({Not} 23... Bxc7 24. Rxc7+ Rxc7 25. Nxc7 $14) 24. Kb4 {[%cal Rc7c8] [#]} a5+ $1 {[%mdl 512]} 25. Kxa5 {[%cal Rc7c8]} Bxc7+ 26. Rxc7+ Rxc7 27. Nxc7 $2 (27. Be3 Re7 28. g3) 27... Rxc5+ {[%mdl 4160] Endgame Double Attack. KR-KN. Black is clearly winning.} 28. Nb5 Rc2 29. Nd6+ Kc6 30. Nxf7 Rxf2 31. Ne5+ Kb7 32. Nd3 Rxg2 33. b4 Rxh2 34. b5 Rh5 35. Kb4 Rh4+ 36. Ka5 Rc4 37. Ne5 Rd4 38. Nc6 Rd6 {Accuracy: White = 36%, Black = 93%.} 0-1

[Event "World Team-ch Open 2019"]
[Site "Astana"]
[Date "2019.03.09"]
[Round "5.15"]
[White "Bu, Xiangzhi"]
[Black "Tabatabaei, M.amin"]
[Result "1-0"]
[WhiteElo "2731"]
[BlackElo "2600"]
[Annotator "TA"]
[PlyCount "121"]
[EventDate "2019.02.05"]
[EventType "team-tourn"]
[EventCountry "KAZ"]
[SourceTitle "playchess.com"]
[Source "ChessBase"]
[SourceQuality "1"]
[WhiteTeam "China"]
[BlackTeam "Iran"]
[WhiteTeamCountry "CHN"]
[BlackTeamCountry "IRI"]

{[%evp 15,121,0,0,0,14,17,22,12,8,8,12,12,6,13,14,0,38,0,0,0,0,0,0,0,27,11,14,17,29,28,27,20,43,18,19,18,18,15,27,13,19,19,26,26,43,50,43,33,47,45,49,49,62,49,49,49,48,35,45,36,67,67,67,49,67,67,68,75,110,0,76,77,76,77,103,94,93,72,75,44,64,0,75,0,99,91,214,221,229,252,217,218,439,451,454,443,545,549,645,610,697,692,973,948,879,737,743,743]} 1. d4 Nf6 2. c4 e6 3. Nf3 d5 4. Nc3 dxc4 5. e3 a6 6. a4 b6 {D24: Queen's Gambit Accepted: 3 Nf3 Nf6 4 Nc3} 7. Bxc4 Bb7 8. O-O Bb4 {LiveBook: 138 Games. The position is equal.} 9. Qc2 (9. Qe2 O-O 10. Rd1 Qe7 11. Na2 Bd6 12. Nc3 Bb4 13. Na2 Bd6 14. Nc3 {½-½ (14) Mamedyarov,S (2799)-Grischuk,A (2772) Huaian 2017}) 9... Nbd7 $146 ({Predecessor:} 9... O-O 10. Be2 Nbd7 11. b3 Rc8 12. Bb2 c5 13. Rfd1 cxd4 14. Rxd4 {½-½ (44) Haug,J (2328)-Schroeder,J (2539) Helsingor 2017}) 10. Rd1 O-O 11. b3 Qe7 12. Bb2 Rfd8 13. d5 Nc5 {[%cal Re6d5]} 14. dxe6 $1 Nxe6 15. Qf5 Bd6 16. Nd5 Nxd5 17. Bxd5 Bxd5 18. Rxd5 c6 19. Rdd1 f6 20. g3 a5 21. Rac1 Rac8 22. Nd2 Ng5 23. h4 Nf7 24. Qe4 Qxe4 25. Nxe4 h5 26. Bd4 c5 27. Bb2 Be5 28. Bxe5 Nxe5 29. Nd6 Rb8 30. Kf1 Nf7 31. Nb5 Rbc8 32. Ke2 Kf8 33. Rxd8+ Rxd8 $14 {[%mdl 4096] Endgame KRN-KRN} 34. Na3 Ke7 35. Nc4 Rb8 36. Rd1 Ke6 37. Kd3 Nd6 38. e4 g6 39. f4 Nf7 40. Kc3 Rb7 41. Rd2 Rb8 42. Rd1 Rb7 $1 43. Re1 Rb8 44. Re3 Nh6 45. Rd3 {Threatens to win with Rd6+.} Nf7 46. Kd2 Rb7 47. Ke3 Rb8 48. Kd2 Rb7 $1 49. Kc3 Rb8 50. e5 Ke7 (50... fxe5 $16 51. fxe5 Ke7) 51. exf6+ $18 Kxf6 52. Rd7 Ke6 53. Rc7 Rd8 $2 {[#]} (53... Nd8 {is a better defense.} 54. Rg7 Kf6) 54. Rc6+ {White is clearly winning.} Kf5 55. Rxb6 Nh6 56. Nxa5 Ng4 57. Nb7 Rd1 58. a5 Rg1 59. Nd6+ Ke6 60. Kc4 Ne3+ 61. Kxc5 {Precision: White = 77%, Black = 54%.} 1-0

[Event "World Team-ch Open 2019"]
[Site "Astana"]
[Date "2019.03.09"]
[Round "5.16"]
[White "Firouzja, Alireza"]
[Black "Ni, Hua"]
[Result "1-0"]
[WhiteElo "2657"]
[BlackElo "2683"]
[Annotator "TA"]
[PlyCount "111"]
[EventDate "2019.02.05"]
[EventType "team-tourn"]
[EventCountry "KAZ"]
[SourceTitle "playchess.com"]
[Source "ChessBase"]
[SourceQuality "1"]
[WhiteTeam "Iran"]
[BlackTeam "China"]
[WhiteTeamCountry "IRI"]
[BlackTeamCountry "CHN"]

{[%evp 13,111,22,15,2,27,29,28,22,25,16,33,0,26,0,65,38,62,65,73,67,63,53,68,89,104,108,104,106,109,109,112,96,121,105,105,80,118,115,110,84,84,75,75,50,47,25,232,365,331,334,383,364,383,388,388,371,383,382,374,372,365,347,266,261,261,248,323,306,285,290,535,529,527,509,791,776,981,895,1003,960,1894,1777,1436,1056,1487,1629,1457,928,928,928,928,928,904,768,29981,29982,29982,29983,29983,29984]} 1. e4 e5 2. Nf3 Nf6 3. Nxe5 d6 4. Nf3 Nxe4 5. Nc3 Nxc3 6. dxc3 Be7 7. Be3 O-O 8. Qd2 {C42: Petroff Defence: 3 Nxe5 and unusual White 3rd moves} Nd7 {[%cal Bb8d7,Bd7f6,Bf6e4][%mdl 32]} 9. O-O-O c6 10. Kb1 {White has an edge.} d5 11. h4 (11. Bd3 Nc5 12. h4 Nxd3 13. Qxd3 Qd6 14. c4 Rd8 15. cxd5 Qxd5 16. Qxd5 cxd5 17. Nd4 Bd7 18. Nb3 Bf5 19. Nd4 Bd7 20. Nb3 Bf5 21. Nd4 {½-½ (21) Aronian,L (2765)-Caruana,F (2832) London 2018}) 11... Nf6 12. Ng5 Ne4 13. Qe2 $146 ({Predecessor:} 13. Qe1 Bf5 14. Bd3 Nd6 15. Be2 h6 {0-1 (34) Fedorchuk,S (2641)-Kuzubov,Y (2640) Lvov 2015}) 13... Qc7 (13... Nf6 $11) 14. g3 Bf6 15. Nxe4 dxe4 16. Bg2 Re8 17. g4 Be6 18. a3 Qc8 19. g5 ({Much weaker is} 19. Bxe4 $6 Bxg4 20. Bf3 Bf5 $11) 19... Bg4 20. f3 exf3 21. Bxf3 Bxf3 22. Qxf3 Be5 23. Rd3 Qe6 24. Rhd1 a6 25. Bb6 f6 26. Rd7 Re7 27. Rxe7 Qxe7 28. Qg4 Re8 $1 29. h5 $36 {[%mdl 2048] Black must now prevent g6. Black is under pressure.} Qe6 $2 (29... fxg5 $11 30. Re1 Qf8) 30. Qxe6+ $18 {[%mdl 64] Overworked Piece} Rxe6 {[%mdl 4096] Endgame KRB-KRB} 31. Rd8+ Kf7 32. Bc5 {[%csl Gc5][%cal Rd8f8]} Re7 {[#]} 33. g6+ $1 {[%mdl 512]} hxg6 34. hxg6+ Ke6 35. Bxe7 Kxe7 {KR-KB} 36. Ra8 f5 {[#]} 37. Kc1 $1 Kf6 38. Kd2 Kxg6 {[#]} 39. Ke3 $1 Kh5 40. Re8 Bd6 41. Re6 Bb8 $2 (41... Bf8 42. Kf3 g6) 42. Re7 g5 43. Rxb7 Bf4+ (43... Bg3 $142 44. Kf3 Bd6) 44. Kf2 g4 45. Rb6 Bg5 46. Rxa6 Bh4+ 47. Kf1 f4 48. Ra8 f3 49. Rf8 Be7 50. Rf7 Bg5 51. a4 {[%cal Ba3a4,Ba4a5,Ba5a6][%mdl 32]} Kg6 52. Rf8 Bh6 53. Re8 {Threatens to win with Re6+.} Kf5 54. a5 {White mates.} g3 55. a6 g2+ 56. Kf2 {Accuracy: White = 75%, Black = 35%.} 1-0

[Event "World Team-ch Open 2019"]
[Site "Astana"]
[Date "2019.03.09"]
[Round "5.17"]
[White "Amin, Bassem"]
[Black "Grandelius, Nils"]
[Result "1-0"]
[WhiteElo "2709"]
[BlackElo "2694"]
[Annotator "TA"]
[PlyCount "73"]
[EventDate "2019.02.05"]
[EventType "team-tourn"]
[EventCountry "KAZ"]
[SourceTitle "playchess.com"]
[Source "ChessBase"]
[SourceQuality "1"]
[WhiteTeam "Egypt"]
[BlackTeam "Sweden"]
[WhiteTeamCountry "EGY"]
[BlackTeamCountry "SWE"]

{[%evp 11,73,-3,15,6,15,-1,27,-10,0,-20,-28,-25,-35,-39,57,33,47,41,35,35,62,38,65,25,75,73,82,76,79,85,71,98,94,31,23,12,12,9,75,60,226,215,306,295,293,285,287,297,301,300,849,838,1072,1064,1044,987,1147,1029,1085,1064,29988,29989,29977,803]} 1. e4 e5 2. Nf3 Nc6 3. d4 exd4 4. Nxd4 Bc5 5. Nb3 Bb6 6. Nc3 Nge7 7. Bg5 {C45: Scotch Game} f6 8. Bh4 a5 $146 ({Predecessor:} 8... O-O 9. Qd2 a5 10. a4 d6 11. O-O-O Be6 12. f4 Bxb3 13. cxb3 Nd4 14. Bc4+ Kh8 {½-½ (41) Mastrovasilis,D (2594)-Georgiev,V (2479) Batumi 2018}) 9. Bb5 {White has an edge.} Ne5 10. f4 N5g6 11. Bg3 c6 $1 {[%cal Rc6b5]} 12. Bc4 Bc7 (12... h5 $15) 13. Qf3 b5 14. Bd3 a4 15. Nd4 a3 16. b4 O-O 17. Nce2 Qe8 18. O-O Bb6 19. Kh1 d6 20. c4 bxc4 21. Bxc4+ Kh8 22. Rad1 ({White should play} 22. Ne6 $16) 22... f5 $14 {[#] Hoping for ...fxe4.} 23. exf5 Bxf5 24. Bf2 Rb8 (24... Bc8 $11) 25. Qxa3 $16 (25. Nxf5 Nxf5 26. Bxb6 Rxb6 $15) 25... Be4 $2 (25... Bd7 $14) 26. Ne6 $1 $18 {[%csl LRd6,LRf8][%mdl 64] [#] Discovered Attack} Rf6 (26... Bxf2 $142 27. Nxf8 (27. Rxf2 Ne5 $14) 27... Qxf8) 27. Bxb6 ({Stronger than} 27. Rxd6 Nf5 $15) 27... Nh4 28. Rf2 ({Not} 28. Qg3 $2 Nef5 $19) 28... Rxb6 29. Rxd6 {And now Rd8 would win.} Rb8 30. Ng3 Qg6 $2 (30... Bd5) 31. Qa7 Re8 32. Nxe4 Nc8 33. Nxf6 gxf6 34. Qd7 Nxd6 35. Qxd6 Nxg2 36. f5 ({Inferior is} 36. Rxg2 Qb1+ 37. Bf1 Qxf1+ 38. Rg1 Qf3+ 39. Rg2 Qf1+ 40. Rg1 Qf3+ 41. Rg2 Qf1+ $11) 36... Qg4 37. Qg3 {Accuracy: White = 51%, Black = 38%.} (37. Qxc6 $142 Rg8 38. Ng5 {[%mdl 64] Discovered Attack} Qxg5 39. Bxg8 Ne3 40. Be6 Kg7 41. b5 Qh4 42. Qc7+ Kh6 43. Qf4+ Qxf4 44. Rxf4) 1-0